MARC

LEADER 00000nam0a2200000 4500
001 197235
005 20231031183350.0
035 |a (RuTPU)RU\TPU\book\215138 
090 |a 197235 
100 |a 20110607d1953 k y0rusy50 ca 
101 0 |a rus 
102 |a RU 
105 |a a z 000zy 
200 1 |a Новая технология производства фарфора и фаянса  |e сборник статей  |f под ред. И. Я. Юрчака 
210 |a Москва  |c Росгизместпром  |d 1953 
215 |a 56 с.  |c ил. 
610 1 |a фарфоро-фаянсовая промышленность 
610 1 |a фарфоровое производство 
610 1 |a фаянсовые изделия 
610 1 |a фарфор 
610 1 |a фаянс 
610 1 |a бентонитовое сырье 
610 1 |a бессвинцовые глазури 
610 1 |a качество 
610 1 |a улучшение 
610 1 |a литейные полуавтоматы 
610 1 |a конвейерные сушила 
610 1 |a туннельные сушила 
610 1 |a туннельные печи 
610 1 |a поточная технология 
610 1 |a конвейерный транспорт 
675 |a 666.5/.6  |v 3 
702 1 |a Юрчак  |b И. Я.  |4 340 
801 1 |a RU  |b 63413507  |c 20110607 
801 2 |a RU  |b 63413507  |c 20110913  |g RCR 
942 |c BK